[Event "XI Open"]
[Site "Malaga ESP"]
[Date "2008.02.24"]
[Round "2"]
[White "Cori T.,D"]
[Black "Almeida Quintana,O"]
[Result "0-1"]
[WhiteElo "2201"]
[BlackElo "2500"]

1.d4 Nf6 2.Nf3 g6 3.c4 Bg7 4.g3 O-O 5.Bg2 d6 6.Nc3 c6 7.O-O Qa5 8.e4 e5 9.h3 Nbd7
10.Re1 Qb4 11.Bf1 exd4 12.Nxd4 Ne5 13.Nc2 Qb6 14.Be3 Qc7 15.f4 Ned7 16.Qd2 Re8
17.Bf2 Nb6 18.Rad1 Be6 19.Ne3 Rad8 20.b3 h5 21.Bg2 Bh6 22.Qd4 Nh7 23.a4 h4
24.f5 Bg7 25.Qd3 Bc8 26.gxh4 Nd7 27.Ng4 Ne5 28.Qg3 Kh8 29.Bd4 gxf5 30.exf5 Bxf5
31.h5 Rg8 32.Nxe5 dxe5 33.Bxe5 Bxe5 34.Qxe5+ Qxe5 35.Rxe5 Rxd1+ 36.Nxd1 Bxh3
37.Ne3 Be6 38.Kf2 Nf6 39.Bf3 Rd8 40.Ke2 Rd4 41.Rg5 Rh4 42.Ng2 Rh2 43.Kf2 Kh7
44.Ra5 a6 45.Re5 Kh6 46.a5 Bg4 47.Re7 Bxf3 48.Kxf3 Rh3+ 49.Ke2 Rxb3 50.Rxf7 Nxh5
51.Ne3 Kg6 52.Rd7 Ng3+ 53.Kd2 Ne4+ 54.Ke2 Nc5 55.Rd6+ Kg5 56.Nc2 Rc3 57.Ne3 Ra3
58.Rd8 Rxa5 59.Rf8 Kg6 60.Re8 Kf7  0-1

[Event "XI Open"]
[Site "Malaga ESP"]
[Date "2008.02.24"]
[Round "2"]
[White "Ladron de Guevara Pinto,F"]
[Black "Pilaj,H"]
[Result "0-1"]
[WhiteElo "2071"]
[BlackElo "2374"]

1.d4 Nf6 2.Nf3 g6 3.c4 Bg7 4.g3 O-O 5.Bg2 d6 6.Nc3 c6 7.O-O Qa5 8.e4 Bg4
9.h3 Bxf3 10.Bxf3 e5 11.d5 cxd5 12.Nxd5 Nxd5 13.cxd5 Nd7 14.Bd2 Qb6 15.b4 h5
16.g4 hxg4 17.hxg4 Bf6 18.g5 Be7 19.Be3 Qd8 20.Qd2 Kg7 21.Kg2 Rh8 22.Rh1 Rxh1
23.Rxh1 Rc8 24.Be2 Nb6 25.f4 Qd7 26.Qd1 Rh8 27.Rxh8 Kxh8 28.Bg4 Qd8 29.Qh1+ Kg8
30.Qh6 Nc4 31.Bc1 exf4 32.Bxf4 Bf8 33.Qh3 Qe8 34.Bf3 Bg7 35.Qh1 Qa4 36.Qb1 Be5
37.Qb3 Qxb3 38.axb3 Bxf4 39.bxc4 Bxg5 40.c5 dxc5 41.bxc5 Be3 42.c6 bxc6 43.dxc6 Bf4
44.Bd1 Kf8 45.Kf3 Be5 46.Bb3 Ke7 47.Kg4 Bc7 48.Kg5 a5 49.Ba4 Ke6 50.Bb3+ Ke7
51.Ba4 Be5 52.Bb3 Kf8 53.Ba4 Kg7 54.Bb3 f6+ 55.Kg4 Kf8 56.Kf3 Ke7 57.Ke3 Kd6
58.c7 Kxc7 59.Kd3 Kd6 60.Kc4 Bg3 61.Kd3 Kc5 62.Bf7 g5 63.Be6 a4 64.Kc3 Be5+
65.Kc2 Kd4 66.Bf5 Ke3 67.Kb1 Kf3  0-1

[Event "Cvijet Mediterana"]
[Site "Rijeka CRO"]
[Date "2008.03.01"]
[Round "1"]
[White "Medic,Mir"]
[Black "Jelica,M"]
[Result "1/2-1/2"]
[WhiteElo "2248"]
[BlackElo "2163"]

1.d4 Nf6 2.Nf3 g6 3.c4 Bg7 4.g3 O-O 5.Bg2 d6 6.O-O c6 7.Nc3 Qb6 8.h3 Qa6
9.Nd2 Nbd7 10.b3 Rb8 11.Bb2 b5 12.e4 bxc4 13.Nxc4 Nb6 14.Ne3 Bd7 15.Qd2 Rfc8
16.e5 Ne8 17.Ne4 Rd8 18.exd6 exd6 19.Rfc1 f5 20.Nc3 d5 21.Ne2 Nc8 22.Nf4 Ncd6
23.Nd3 Ne4 24.Qc2 N8f6 25.Ne5 Rbc8 26.Qd1 Bh6 27.Bf1 Qb7 28.Qe2 f4 29.gxf4 Bxf4
30.Rc2 Be8 31.N3g4 Qe7 32.Qf3 Nh5 33.Bc1 Ng5 34.Qd3 Bd7 35.Bxf4 Nxf4 36.Qe3 Rf8
37.Rac1 h5 38.Nxc6 Ngxh3+ 39.Bxh3 Nxh3+ 40.Qxh3 Qg5 41.Qg2 Bxg4  1/2-1/2

[Event "TCh-HUN 2007-8"]
[Site "Budapest HUN"]
[Date "2008.03.02"]
[Round "7"]
[White "Lazar,An"]
[Black "Molnar,Be"]
[Result "1/2-1/2"]
[WhiteElo "2122"]
[BlackElo "2372"]

1.Nf3 g6 2.g3 Bg7 3.Bg2 d6 4.d4 Nf6 5.c4 O-O 6.O-O Nbd7 7.Nc3 e5 8.e4 exd4
9.Nxd4 Re8 10.Re1 Nc5 11.f3 a5 12.Be3 Nfd7 13.Rc1 Ne5 14.Bf1 c6 15.Rc2 f5
16.exf5 gxf5 17.Rd2 Qf6 18.b3 Bd7 19.Bg2 a4 20.h3 axb3 21.axb3 f4 22.gxf4 Ned3
23.Ne4 Nxe4 24.Rxd3 Nc5 25.Rd2 Rxe3 26.Rxe3 Qxf4 27.Re7 Bf6 28.Ree2 Kh8 29.b4 Ne6
30.Re4 Qg5 31.Rg4 Qe3+ 32.Kh1 Nxd4 33.Rgxd4 Bf5 34.Qg1 Bxd4 35.Rxd4 Qxg1+
36.Kxg1 Ra4 37.Rxd6 Rxb4 38.Bf1 Kg7 39.Kf2 Kf7 40.Ke3 Ke7 41.Rd4 Rb1 42.Bg2 Rb2
43.Rd2 Rxd2 44.Kxd2 Kd6 45.f4 Kc5 46.Kc3 b5 47.cxb5 cxb5 48.h4 b4+ 49.Kb2 h6
50.Bb7 Be6 51.Be4 Kd4 52.f5 Bf7 53.Bc6 Ke5 54.Bd7 Bd5 55.Bc8 Be4 56.Kb3 Bxf5
57.Bb7 Be4 58.Bxe4  1/2-1/2

[Event "40th WGM"]
[Site "Belgrade SCG"]
[Date "2008.03.04"]
[Round "2"]
[White "Matveeva,S"]
[Black "Makropoulou,M"]
[Result "1-0"]
[WhiteElo "2433"]
[BlackElo "2250"]

1.d4 Nf6 2.c4 g6 3.Nf3 Bg7 4.g3 O-O 5.Bg2 d6 6.O-O Nc6 7.Nc3 a6 8.d5 Na5
9.Nd2 c5 10.Rb1 h5 11.b3 h4 12.Bb2 hxg3 13.hxg3 Rb8 14.Qc2 b5 15.Nce4 Nxe4
16.Bxe4 Bxb2 17.Rxb2 f5 18.Bg2 e5 19.dxe6 Bxe6 20.cxb5 axb5 21.Rd1 Qf6 22.Nb1 Rfd8
23.Nc3 Kg7 24.Qc1 b4 25.Nd5 Bxd5 26.Bxd5 Rbc8 27.Rbd2 Rc7 28.Rd3 Nc6 29.Kg2 Ne5
30.Rh1 g5 31.Rdd1 Rh8 32.a3 bxa3 33.Qxa3 Ng6 34.Rxh8 Kxh8 35.b4 cxb4 36.Qxb4 Kg7
37.Qb8 Qe7 38.Rd3 f4 39.Qg8+ Kf6 40.Rd4 Qe5 41.Re4 Rc8 42.Qf7+  1-0

[Event "40th WGM"]
[Site "Belgrade SCG"]
[Date "2008.03.06"]
[Round "4"]
[White "Matveeva,S"]
[Black "Rakic,Ma"]
[Result "1/2-1/2"]
[WhiteElo "2433"]
[BlackElo "2218"]

1.d4 Nf6 2.c4 g6 3.Nf3 Bg7 4.g3 O-O 5.Bg2 d6 6.Nc3 Nbd7 7.O-O e5 8.e4 exd4
9.Nxd4 Re8 10.h3 Nc5 11.Re1 a5 12.Qc2 c6 13.Be3 Qc7 14.Rad1 Bd7 15.Nb3 Nxb3
16.axb3 c5 17.Bf4 Re6 18.Re2 Bc6 19.Red2 Bf8 20.g4 Rae8 21.f3 Nd7 22.Bg3 g5
23.h4 h6 24.h5 Ra8 25.Kh1 Ne5 26.Rf1 Qd8 27.Nd1 b5 28.Ne3 a4 29.bxa4 Nxc4
30.Nxc4 bxc4 31.Qxc4 Qa5 32.Rfd1 Bxa4 33.b3 Bb5 34.Qc2 Ra6 35.Bf1 Bxf1 36.Rxf1 Bg7
37.Rfd1  1/2-1/2

[Event "Cvijet Mediterana"]
[Site "Rijeka CRO"]
[Date "2008.03.06"]
[Round "8"]
[White "Medic,Mir"]
[Black "Ionica,I"]
[Result "1/2-1/2"]
[WhiteElo "2248"]
[BlackElo "2251"]

1.d4 Nf6 2.c4 g6 3.Nf3 Bg7 4.g3 O-O 5.Bg2 d6 6.Nc3 Nc6 7.O-O a6 8.d5 Na5
9.Nd2 c5 10.Qc2 Rb8 11.b3 b5  1/2-1/2

[Event "Open"]
[Site "Blackpool ENG"]
[Date "2008.03.09"]
[Round "4"]
[White "Allen,K"]
[Black "Green,An"]
[Result "1-0"]
[WhiteElo "2227"]
[BlackElo "2021"]

1.d4 Nf6 2.c4 g6 3.Nf3 Bg7 4.g3 O-O 5.Bg2 d6 6.Nc3 c6 7.O-O Qa5 8.e4 Bg4
9.h3 Bxf3 10.Bxf3 Nbd7 11.a3 c5 12.d5 a6 13.Bd2 b5 14.Nxb5 Qb6 15.Nc3 Qxb2
16.Ra2 Qb6 17.Qc2 Rfb8 18.Rb1 Qc7 19.Rab2 Rxb2 20.Rxb2 Rb8 21.Rb3 Rxb3 22.Qxb3 Qb6
23.Bd1 Qxb3 24.Bxb3 Ne5 25.Kg2 Nfd7 26.Na4 Nd3 27.f4 Bd4 28.Bc2 Nb2 29.Nxb2 Bxb2
30.a4 Kf8 31.Kf3 Ke8 32.g4 Kd8 33.g5 Kc7 34.a5 Kd8 35.Ba4 e6 36.Ke3 Ke7 37.dxe6 fxe6
38.Kd3 Kd8 39.Bc6 Nb8 40.Ba4 Kc7 41.Be8 Nd7 42.h4 Kd8 43.Bf7 Ke7 44.Bg8 Nf8
45.h5 Bd4 46.h6 Ba1 47.Bc3 Bxc3 48.Kxc3 Ke8 49.f5 exf5 50.exf5 gxf5 51.Bxh7 Ne6
52.Bxf5 Nxg5 53.h7 Nxh7 54.Bxh7 Kd7 55.Be4 Kc7 56.Bd5 Kd8 57.Kd3  1-0

[Event "ch-RUS Girls u20"]
[Site "St Petersburg RUS"]
[Date "2008.03.09"]
[Round "2"]
[White "Meleshko,Ann"]
[Black "Bodnaruk,A"]
[Result "0-1"]
[WhiteElo "2215"]
[BlackElo "2317"]

1.d4 Nf6 2.c4 g6 3.Nf3 Bg7 4.g3 O-O 5.Bg2 d6 6.O-O Nc6 7.Nc3 a6 8.Re1 Bd7
9.e4 e5 10.d5 Ne7 11.c5 Ne8 12.Be3 dxc5 13.Bxc5 Nd6 14.Qb3 b6 15.Bxd6 cxd6
16.Rac1 Bh6 17.Rc2 Nc8 18.Nd2 b5 19.Ne2 Nb6 20.f4 f6 21.Qe3 Re8 22.Qf2 Na4
23.Rec1 f5 24.fxe5 Rxe5 25.Nf4 Nc5 26.Qd4 Bg7 27.Qe3 Nxe4 28.Nd3 Re7 29.Re1 Qe8
30.Nf2 Re5 31.Ndxe4 fxe4 32.Nxe4 Bf5 33.Rce2 Qe7 34.Qf3 Rf8 35.Nf2 h5 36.Rxe5 Bxe5
37.Qe3 Qg7 38.Rd1 Bxb2 39.Bh3 Qe5 40.Qxe5 Bxe5 41.Bxf5 Rxf5 42.Kg2 Bf6 43.Ne4 Be7
44.Nc3 Kf7 45.Re1 b4 46.Na4 Rxd5  0-1

[Event "XXIII Open"]
[Site "Reykjavik ISL"]
[Date "2008.03.10"]
[Round "8"]
[White "Dizdar,G"]
[Black "Arakhamia,K"]
[Result "1-0"]
[WhiteElo "2564"]
[BlackElo "2457"]

1.d4 Nf6 2.Nf3 g6 3.c4 Bg7 4.g3 O-O 5.Bg2 d6 6.Nc3 Nc6 7.d5 Na5 8.Nd2 c5
9.O-O a6 10.Rb1 Rb8 11.b3 b5 12.Bb2 e5 13.dxe6 fxe6 14.Nde4 Rb6 15.Qd2 Nb7
16.Rfd1 Qe7 17.Nxf6+ Bxf6 18.Ne4 Bxb2 19.Rxb2 Qg7 20.Rbb1 b4 21.Qe3 Qe7 22.Rd3 a5
23.Rbd1 Ra6 24.Qg5 Qc7 25.Qd2 Rd8 26.h4 Qe7 27.h5 gxh5 28.Qh6 Rf8 29.Rf3 Rxf3
30.Bxf3 Qg7 31.Nf6+ Kh8 32.Qxh5 Qg6 33.Qh4 Kg7 34.Nh5+ Kf7 35.Nf4 Qg7 36.Nd3 a4
37.Qh5+ Ke7 38.Qh4+ Kf7 39.bxa4 Ra5 40.Qh5+ Ke7 41.Bc6  1-0

[Event "ch-Siberia"]
[Site "Novokuznetsk RUS"]
[Date "2008.03.13"]
[Round "1"]
[White "Shkurikhin,I"]
[Black "Lykov,V"]
[Result "1-0"]
[WhiteElo "2371"]
[BlackElo "2164"]

1.d4 Nf6 2.Nf3 g6 3.g3 Bg7 4.Bg2 O-O 5.c4 d6 6.Nc3 c6 7.O-O Qa5 8.e4 e5 9.h3 Nbd7
10.Be3 exd4 11.Nxd4 Ne5 12.Nb3 Qb4 13.c5 Nc4 14.a3 Nxe3 15.axb4 Nxd1 16.Rfxd1 dxc5
17.Nxc5 b6 18.Nd3 Be6 19.Nf4 Bb3 20.Rd6 g5 21.Nfe2 Rfc8 22.Rd2 a5 23.b5 Ra7
24.bxc6 Ne8 25.Nb5 Re7 26.Rc1 Ba4 27.Nbd4 Rd8 28.b3 Bb5 29.Rcc2 Nc7 30.Nf5 Ree8
31.Ned4 Ba6 32.Nxg7 Kxg7 33.Nf5+ Kf6 34.Rd7 Ne6 35.Nd6 Rf8 36.e5+ Kg7 37.Rxd8 Rxd8
38.c7 Rf8 39.c8=Q Rxc8 40.Rxc8 Bxc8 41.Nxc8 b5 42.Bd5 a4 43.bxa4 bxa4 44.Nd6 a3
45.Nb5 Nc5 46.Nxa3 f6 47.Nc4 fxe5 48.Nxe5 Kf6 49.Ng4+ Kg7 50.Kg2 Kg6 51.Kf3 h5
52.Ne5+ Kf5 53.Nc4 g4+ 54.hxg4+ hxg4+ 55.Ke3 Nd7 56.Kd4 Kg5 57.Ne3 Nf8 58.Ke4 Nd7
59.Nxg4  1-0

[Event "V Int"]
[Site "Los Llanos de Aridane ESP"]
[Date "2008.03.18"]
[Round "5"]
[White "Vera Gonzalez Quevedo,R"]
[Black "Cabrera Trujillo,J"]
[Result "1/2-1/2"]
[WhiteElo "2495"]
[BlackElo "2320"]

1.d4 Nf6 2.c4 g6 3.Nf3 Bg7 4.g3 O-O 5.Bg2 d6 6.O-O Nbd7 7.Nc3 e5 8.e4 exd4
9.Nxd4 Re8 10.h3 a6 11.Re1 Rb8 12.a4 Ne5 13.b3 c5 14.Nc2 Nc6 15.Bb2  1/2-1/2

[Event "V Int"]
[Site "Los Llanos de Aridane ESP"]
[Date "2008.03.18"]
[Round "6"]
[White "Adly,A"]
[Black "Cabrera Trujillo,J"]
[Result "1-0"]
[WhiteElo "2551"]
[BlackElo "2320"]

1.Nf3 Nf6 2.g3 g6 3.Bg2 Bg7 4.d4 O-O 5.c4 d6 6.O-O c6 7.Nc3 Qb6 8.b3 Qa5
9.Qd2 Qh5 10.Qg5 Qxg5 11.Bxg5 Na6 12.e4 Re8 13.h3 Nd7 14.Rfd1 e5 15.d5 c5
16.Nb5 Bf8 17.Ne1 h6 18.Bd2 f5 19.exf5 gxf5 20.f4 e4 21.Bc3 Kf7 22.Nc2 Nf6
23.Ne3 Be7 24.Kf2 Rg8 25.Rg1 Nh5 26.Bf1 Nxf4 27.gxf4 Bh4+ 28.Ke2 Rxg1 29.Nxd6+ Kg6
30.a3 b6 31.Be1 Bxe1 32.Rxe1 Rg3 33.Bg2 Kf6 34.Kf2 Rxe3 35.Rxe3 Bd7 36.Rg3 Rd8
37.h4 Bc6 38.Nxe4+ fxe4 39.dxc6 Kf5 40.Rg7 Rd2+ 41.Kf1 Kxf4 42.Rxa7 e3 43.Rf7+ Ke5
44.c7 Nxc7 45.Rxc7 Rf2+ 46.Kg1 Kd4 47.Rd7+ Kc3 48.Bf1 Rd2 49.Re7 Kd4 50.Re6 Ra2
51.Rd6+ Ke5 52.Rxh6 e2 53.Bxe2 Rxe2 54.Rxb6 Kf4  1-0

[Event "ch-RUS Girls u20"]
[Site "St Petersburg RUS"]
[Date "2008.03.18"]
[Round "11"]
[White "Meleshko,Ann"]
[Black "Severiukhina,Z"]
[Result "1-0"]
[WhiteElo "2215"]
[BlackElo "2199"]

1.d4 Nf6 2.c4 g6 3.Nf3 Bg7 4.g3 O-O 5.Bg2 d6 6.O-O Nbd7 7.Nc3 e5 8.e4 c6
9.h3 Qe7 10.Re1 Re8 11.Be3 Qf8 12.Qc2 Bh6 13.Qd2 Bg7 14.Rad1 exd4 15.Nxd4 Nc5
16.f3 a5 17.b3 Be6 18.Nxe6 Nxe6 19.Qxd6 Qxd6 20.Rxd6 Nh5 21.Ne2 Be5 22.Rd7 Nxg3
23.Rxb7 Red8 24.Kf2 Nh5 25.Rc1 a4 26.b4 Rd3 27.b5 c5 28.Bf1 Ra3 29.Rc2 Bf6
30.Bc1 Bh4+ 31.Kg2 Rd3 32.b6 Rdd8 33.Rb2 Bf6 34.Rb5 Be5 35.Ra7 Rab8 36.Rxa4 Nhf4+
37.Nxf4 Nxf4+ 38.Kf2 Ne6 39.Be2 Kf8 40.Be3 Rdc8 41.Ra7 Rc6 42.b7 Ke7 43.a4 Bd6
44.Ra8 Nd8 45.Rxb8 Bxb8 46.Bxc5+ Kd7 47.Be3 Ra6 48.Bd1 Kc6 49.c5 Nxb7 50.Bb3  1-0

[Event "Doeberl Cup"]
[Site "Canberra AUS"]
[Date "2008.03.20"]
[Round "1"]
[White "Mitchell,R"]
[Black "Skiotis,P"]
[Result "0-1"]
[WhiteElo "1904"]
[BlackElo "2174"]

1.d4 Nf6 2.c4 g6 3.g3 Bg7 4.Bg2 O-O 5.Nf3 d6 6.O-O Nc6 7.h3 e5 8.d5 Ne7 9.Nc3 Ne8
10.e4 h6 11.Nd2 f5 12.f4 exf4 13.Rxf4 Nf6 14.exf5 Nxf5 15.Nf1 g5 16.Rf2 Nd7
17.Kh2 Ne5 18.g4 Nh4 19.Rxf8+ Qxf8 20.Be3 Nxc4 21.Bd4 Qf4+ 22.Ng3 Bxd4 23.Ne2 Qf2
24.Qf1 Qxf1 25.Rxf1 Bxb2 26.Be4 Be5 27.Rc1 b5 28.Bd3 Bb7 29.Be4 Rf8 30.Kg1 Nf3+
31.Kh1 Nfd2 32.Bg2 Rf2 33.Rc2 Rxg2 34.Rxd2 Rxg3 35.Nxg3 Nxd2  0-1

[Event "ch-Siberia"]
[Site "Novokuznetsk RUS"]
[Date "2008.03.20"]
[Round "8"]
[White "Pereboev,K"]
[Black "Kalyndu,A"]
[Result "1/2-1/2"]
[WhiteElo "2217"]
[BlackElo "2124"]

1.d4 Nf6 2.c4 g6 3.Nf3 Bg7 4.g3 O-O 5.Bg2 d6 6.O-O Nc6 7.d5 Na5 8.Nbd2 c5
9.Qc2 e6 10.e4 exd5 11.cxd5 Re8 12.Re1 Bg4 13.h3 Bd7 14.Nf1 Qb6 15.Bd2 Qa6
16.Rac1 Rac8 17.b3 b5 18.g4 b4 19.g5 Nh5 20.N1h2 Bb5 21.Qd1 Nb7 22.Ng4 Qxa2
23.e5 dxe5 24.Ra1 Qb2 25.Rb1 Qa2 26.Ra1 Qb2  1/2-1/2

[Event "Spring Festival"]
[Site "Budapest HUN"]
[Date "2008.03.21"]
[Round "1"]
[White "Mizsei,J"]
[Black "Galyas,M"]
[Result "0-1"]
[WhiteElo "2067"]
[BlackElo "2432"]

1.d4 Nf6 2.c4 g6 3.Nf3 Bg7 4.g3 O-O 5.Bg2 d6 6.O-O Nbd7 7.Nc3 e5 8.e4 exd4
9.Nxd4 Re8 10.h3 a6 11.Be3 Rb8 12.Qc2 c5 13.Nde2 b5 14.Rad1 Qe7 15.cxb5 axb5
16.Qd3 b4 17.Nd5 Nxd5 18.Qxd5 Rb6 19.Bg5 Nf6 20.Qb3 Be6 21.Qc2 b3 22.Qd2 bxa2
23.Nc3 Reb8 24.Qf4 Rxb2 25.Rxd6 Nh5 26.Bxe7 Nxf4 27.Rfd1 Bxc3 28.Rd8+ Rxd8
29.Rxd8+ Kg7 30.Bf8+ Kf6 31.gxf4 a1=Q+  0-1

[Event "ch-Siberia"]
[Site "Novokuznetsk RUS"]
[Date "2008.03.21"]
[Round "9"]
[White "Shkurikhin,I"]
[Black "Sultimov,B"]
[Result "1-0"]
[WhiteElo "2371"]
[BlackElo "2292"]

1.d4 Nf6 2.c4 g6 3.Nf3 Bg7 4.g3 O-O 5.Bg2 d6 6.O-O Nc6 7.Nc3 a6 8.d5 Na5
9.Nd2 c5 10.Rb1 Rb8 11.b3 b5 12.Bb2 bxc4 13.bxc4 e5 14.Ba1 Rxb1 15.Ncxb1 Bd7
16.Bc3 Qb6 17.Qc2 Ra8 18.Na3 Nb7 19.Rb1 Qc7 20.Qb2 Nd8 21.f4 Ng4 22.Qb6 Qc8
23.Ne4 Bf5 24.Nxd6 Qd7 25.e4 Bf8 26.fxe5 Bh6 27.Nxf5 gxf5 28.Nc2 Bg7 29.Rf1 Qa4
30.Qb2 fxe4 31.Rf4 Nh6 32.Bxe4 Rc8 33.g4  1-0

[Event "ch-TUR"]
[Site "Ankara TUR"]
[Date "2008.03.23"]
[Round "1"]
[White "Atalik,S"]
[Black "Dogan,A"]
[Result "1-0"]
[WhiteElo "2597"]
[BlackElo "1978"]

1.d4 Nf6 2.c4 g6 3.g3 Bg7 4.Bg2 O-O 5.Nf3 d6 6.O-O Nbd7 7.Qc2 e5 8.Rd1 Qe7
9.Nc3 c6 10.b3 Rd8 11.e3 Ne8 12.Ba3 f6 13.Rd2 Nf8 14.h3 Bf5 15.e4 Be6 16.dxe5 fxe5
17.Rad1 Bf7 18.Rd3 Ne6 19.Qd2 Nd4 20.Nxd4 exd4 21.Rxd4 Bxd4 22.Qxd4 c5 23.Qd2 a6
24.Bb2 Rab8 25.Re1 Nf6 26.Nd5 Bxd5 27.exd5 Qf7 28.Qc3 Re8 29.Re6 Rxe6 30.dxe6 Qxe6
31.Bd5  1-0

[Event "ch-WLS"]
[Site "Cardiff WLS"]
[Date "2008.03.23"]
[Round "4"]
[White "Davis,Le"]
[Black "Davies,Ca"]
[Result "1-0"]
[WhiteElo "2056"]
[BlackElo "1857"]

1.d4 Nf6 2.g3 g6 3.Bg2 Bg7 4.Nf3 O-O 5.c4 d6 6.O-O Nbd7 7.Nc3 c6 8.e4 e5
9.h3 h6 10.Be3 Kh7 11.Qc2 Qe7 12.Rad1 Rd8 13.Rfe1 b6 14.b4 Bb7 15.c5 bxc5
16.bxc5 dxc5 17.Nxe5 Nxe5 18.dxe5 Qxe5 19.Na4 Nd7 20.Qb3 Ba6 21.Qxf7 Bb5
22.f4 Qf6 23.Qxf6 Nxf6 24.Nxc5 Bc4 25.a4 Bf8 26.Bf3 Bxc5 27.Bxc5 Rxd1 28.Rxd1 Re8
29.Rd4 Bb3 30.Rb4 Bc2 31.Rb7+ Kg8 32.e5 Ne4 33.Bxa7 Nxg3 34.Bxc6 Ne2+ 35.Kf2 Nxf4
36.Bxe8  1-0

[Event "Far West Open"]
[Site "Reno USA"]
[Date "2008.03.23"]
[Round "6"]
[White "Strugatsky,V"]
[Black "Raptis,N"]
[Result "1/2-1/2"]
[WhiteElo "2400"]
[BlackElo "2259"]

1.Nf3 Nf6 2.d4 g6 3.g3 Bg7 4.Bg2 O-O 5.c4 d6 6.O-O Nc6 7.Nc3 a6 8.a3 Bd7
9.b4 e5 10.d5 Nd4 11.Ne1 c6 12.e3 Nf5 13.Bb2 Rc8 14.Rc1 Qe7 15.Nc2 e4 16.dxc6 Rxc6
17.Nd5 Nxd5 18.cxd5 Rc4 19.Bxg7 Kxg7 20.Nd4 Rfc8 21.Rxc4 Rxc4 22.Qb3 b5 23.Nc6 Bxc6
24.dxc6 Qe5 25.Qb1 d5 26.Rc1 Ne7 27.c7 Qxc7 28.Qb2+ f6 29.Rxc4 bxc4 30.Qc3 Qe5
31.Qxe5 fxe5 32.Kf1 Nf5 33.Ke1 Kf6 34.Kd2 Ke6 35.a4 Kd6 36.Kc3 Kc6 37.Bf1 Kb6
38.h4 a5 39.bxa5+ Kxa5 40.Bxc4 d4+ 41.exd4 exd4+ 42.Kd2 Kxa4 43.Bg8 h5 44.Bf7 Ne7
45.Ba2 Nf5 46.Bf7 e3+  1/2-1/2

[Event "SCT Ladies Open"]
[Site "Stockholm SWE"]
[Date "2008.03.24"]
[Round "8"]
[White "Shumiakina,T"]
[Black "Szczepkowska Horowska,K"]
[Result "1-0"]
[WhiteElo "2352"]
[BlackElo "2293"]

1.d4 Nf6 2.Nf3 d6 3.c4 g6 4.g3 Bg7 5.Bg2 O-O 6.Nc3 Bg4 7.h3 Bxf3 8.Bxf3 Nc6
9.Bg2 Nd7 10.e3 e5 11.d5 Ne7 12.e4 f5 13.h4 Nf6 14.Bg5 a6 15.Qc2 Qe8 16.Bh3 b5
17.h5 b4 18.h6 Bh8 19.exf5 bxc3 20.fxg6 Qxg6 21.Be6+ Rf7 22.Qxg6+ Nxg6 23.bxc3 e4
24.Rb1 Ne8 25.Ke2 Kf8 26.Bxf7 Kxf7 27.Rb7 Ne5 28.Rh4 Kg6 29.Bc1 Nf6 30.Bf4 Nd3
31.Be3 Rc8 32.Bd4 c6 33.f3 cxd5 34.cxd5 Nc5 35.Rb6 exf3+ 36.Kxf3 Nd3 37.Rxd6 Re8
38.Re6 Rd8 39.Ke2 Nc1+ 40.Kd2 Nxa2 41.Rxa6 Nxc3 42.Kxc3 Rxd5 43.Ra8  1-0

[Event "Spring Festival"]
[Site "Budapest HUN"]
[Date "2008.03.25"]
[Round "5"]
[White "Horvath,Je"]
[Black "Feher,L2"]
[Result "1/2-1/2"]
[WhiteElo "2113"]
[BlackElo "1840"]

1.d4 Nf6 2.Nf3 g6 3.c4 Bg7 4.g3 d6 5.Bg2 O-O 6.O-O Nbd7 7.Nc3 e5 8.e4 c6
9.h3 Qb6 10.d5 cxd5 11.cxd5 Nc5 12.Re1 Bd7 13.Rb1 a5 14.Bf1 a4 15.Be3 Qb4
16.Bd2 Qb6 17.Be3 Qb4  1/2-1/2

[Event "Sozina Open"]
[Site "Bar MNE"]
[Date "2008.03.29"]
[Round "1"]
[White "Drasko,M"]
[Black "Pancevski,F"]
[Result "1/2-1/2"]
[WhiteElo "2540"]
[BlackElo "2366"]

1.d4 Nf6 2.c4 g6 3.Nf3 Bg7 4.g3 d6 5.Bg2 O-O 6.O-O Nc6 7.Nc3 a6 8.Bd2 Nd7
9.Be3 Rb8 10.Rc1 Nf6 11.d5 Na5 12.b3 c5 13.dxc6 Nxc6 14.Qd2 Qa5 15.Rfd1 Ng4
16.Nd5 Qxd2 17.Bxd2 Bf5 18.Bc3 Be4 19.Bh3 Bf5 20.Bg2 Be4 21.h3 Bxc3 22.Rxc3 Bxf3
23.exf3 Nge5 24.c5 e6 25.Nb6 dxc5 26.f4 Nd4 27.Kf1 Nec6 28.Nd7 b6 29.Nxb8 Rxb8
30.Bxc6 Nxc6 31.Rd7 Nb4 32.a3 Nd5 33.Rc4 a5 34.g4 f5 35.gxf5 gxf5 36.Ke2 Rc8
37.Kf3 Rc7 38.Rd8+ Kf7 39.a4 Kf6 40.Rc1 Rg7 41.Re1 Rg6 42.Rd6 Kf7 43.Rd7+ Kg8
44.Re5 Rh6 45.h4 Rxh4  1/2-1/2

[Event "KNSB TCh-NED 2007-8"]
[Site "Netherlands NED"]
[Date "2008.03.29"]
[Round "8"]
[White "L'Ami,E"]
[Black "Pruijssers,R"]
[Result "1-0"]
[WhiteElo "2581"]
[BlackElo "2420"]

1.d4 Nf6 2.c4 g6 3.Nf3 Bg7 4.g3 O-O 5.Bg2 d6 6.O-O Nbd7 7.Nc3 e5 8.e4 a6
9.Re1 exd4 10.Nxd4 Ng4 11.h3 Qf6 12.Nf3 Nge5 13.Nd5 Nxf3+ 14.Bxf3 Qd8 15.Bg2 Ne5
16.Ne3 Be6 17.Qc2 Qd7 18.f4 Nc6 19.Kh2 Nd4 20.Qf2 Rae8 21.Bd2 f5 22.exf5 Nxf5
23.Nxf5 Bxf5 24.Bc3 Bxc3 25.bxc3 b6 26.Bd5+ Kg7 27.g4 Bxg4 28.hxg4 Qxg4 29.Qg3 Re2+
30.Rxe2 Qxe2+ 31.Kg1 Re8 32.f5 Re3 33.Qf4 Re8 34.f6+ Kh8 35.f7  1-0

[Event "Sozina Open"]
[Site "Bar MNE"]
[Date "2008.03.30"]
[Round "2"]
[White "Sekulic,D"]
[Black "Stojanovic,Da"]
[Result "1-0"]
[WhiteElo "2351"]
[BlackElo "2496"]

1.d4 Nf6 2.Nf3 g6 3.c4 Bg7 4.g3 O-O 5.Bg2 d6 6.O-O Nc6 7.Nc3 Bf5 8.d5 Na5
9.Nd4 Bd7 10.b3 c5 11.dxc6 bxc6 12.e4 Rb8 13.h3 Qc7 14.Be3 Rfd8 15.Rc1 c5
16.Ndb5 Bxb5 17.cxb5 Ne8 18.Nd5 Qd7 19.Bg5 f6 20.Bd2 Nb7 21.a4 e6 22.Ne3 f5
23.exf5 gxf5 24.Bc6 Qf7 25.Qf3 d5 26.Bxb7 Rxb7 27.Rxc5 Nd6 28.Ba5 Rdd7 29.Rfc1 h6
30.Rc6 Ne4 31.h4 Bd4 32.Qf4 Qf6 33.Rd1 Be5 34.Qf3 Qf7 35.Ng2 Bg7 36.Nf4 e5
37.Rc8+ Kh7 38.Nxd5 Nd6 39.Rc6 e4 40.Qf4 Nxb5 41.Nf6+ Bxf6 42.Qxf5+ Kg7 43.Rxd7 Rxd7
44.Qg4+ Kh8 45.axb5 a6  1-0

[Event "Sozina Open"]
[Site "Bar MNE"]
[Date "2008.04.01"]
[Round "5"]
[White "Drasko,M"]
[Black "Jacimovic,D"]
[Result "1/2-1/2"]
[WhiteElo "2540"]
[BlackElo "2426"]

1.d4 Nf6 2.c4 g6 3.Nf3 Bg7 4.g3 O-O 5.Bg2 d6 6.O-O c6 7.Nc3 Qb6 8.c5 dxc5
9.Na4 Qd8 10.Nxc5 Nbd7 11.Nd3 Nb6 12.a4 a5 13.Re1 Bf5 14.Qb3 Be6 15.Qc2 Bf5
16.Qb3 Be6 17.Qa3 Bd5 18.Bf4 Ne4 19.b3 Nd6 20.e3 Ne4 21.Nc5 Nxc5 22.Qxc5  1/2-1/2

[Event "Sozina Open"]
[Site "Bar MNE"]
[Date "2008.04.03"]
[Round "7"]
[White "Stanojevic,B"]
[Black "Boshku,H"]
[Result "0-1"]
[WhiteElo "2301"]
[BlackElo "2345"]

1.d4 Nf6 2.Nf3 g6 3.g3 Bg7 4.Bg2 O-O 5.c4 d6 6.Nc3 Nbd7 7.O-O e5 8.h3 c6
9.e4 Qb6 10.b3 exd4 11.Na4 Qa5 12.Nxd4 Nxe4 13.Bxe4 Qe5 14.Qc2 Nc5 15.Bg2 Qxd4
16.Bb2 Qd3 17.Qxd3 Nxd3 18.Bxg7 Kxg7 19.Rfd1 Nc5 20.Nc3 Rd8 21.Rd2 Kf8 22.Rad1 Ke7
23.b4 Na6 24.b5 cxb5 25.Nd5+ Kf8 26.cxb5 Nc5 27.Nc7 Rb8 28.Rxd6 Rxd6 29.Rxd6 Be6
30.Nxe6+ fxe6 31.Rd4 Ke7 32.Rh4 Rh8 33.a4 b6 34.Bc6 g5 35.Rg4 h6 36.h4 Kf6
37.Rc4 Rd8 38.a5 Rd1+ 39.Kg2 Nd3 40.hxg5+ hxg5 41.axb6 axb6 42.Be4 Nc5 43.Bf3  0-1

[Event "ch-TUR"]
[Site "Ankara TUR"]
[Date "2008.04.04"]
[Round "13"]
[White "Ataman,A"]
[Black "Erdogdu,M"]
[Result "0-1"]
[WhiteElo "2209"]
[BlackElo "2434"]

1.d4 Nf6 2.c4 g6 3.Nf3 Bg7 4.g3 O-O 5.Bg2 d6 6.O-O Nc6 7.Nc3 a6 8.h3 Rb8
9.e4 Nd7 10.Bg5 h6 11.Be3 e5 12.Rc1 exd4 13.Nxd4 Nde5 14.b3 Nxd4 15.Bxd4 c5
16.Be3 Nc6 17.Ne2 Qa5 18.Qd2 Qxd2 19.Bxd2 Be6 20.Bf4 Rfd8 21.Rfd1 Ne5 22.Be3 Nc6
23.f4 h5 24.Rd2 Bf8 25.Rcd1 Rdc8 26.f5 gxf5 27.Nf4 fxe4 28.Nxh5 f5 29.g4 Nd4
30.gxf5 Nxf5 31.Bg5 e3 32.Re2 Bf7 33.Bd5 Rc7 34.Rf1 Bxd5 35.Rxf5 Be6 36.Rf6 Bf7
37.Nf4 Re8 38.Rg2 Kh7 39.Rf5 Re5 40.Rxe5 dxe5 41.Ne2 b5 42.cxb5 axb5 43.Bxe3 c4
44.bxc4 Rxc4 45.Ng3 Ra4 46.Rf2 Kg6 47.Rf5 Bd6 48.Rf2 Rxa2 49.Ne4 Rxf2 50.Kxf2 Be7
51.Bc1 Kf5 52.Ke3 Bg6 53.Bb2 Ke6 54.Ba1 b4 55.Bb2 Kd5 56.Nd2 Bg5+ 57.Ke2 e4
58.Ke1 Bh4+ 59.Kd1 e3 60.Ke2 exd2  0-1

[Event "ch-NED w"]
[Site "Hilversum NED"]
[Date "2008.04.07"]
[Round "4"]
[White "Lanchava,T"]
[Black "Haast,A"]
[Result "0-1"]
[WhiteElo "2365"]
[BlackElo "2020"]

1.Nf3 Nf6 2.d4 g6 3.c4 Bg7 4.g3 O-O 5.Bg2 d6 6.O-O Nbd7 7.Qc2 e5 8.Rd1 Re8
9.e4 exd4 10.Nxd4 Nc5 11.Nc3 a5 12.b3 c6 13.Bf4 Qb6 14.Bxd6 Nfxe4 15.Nxe4 Nxe4
16.c5 Qb4 17.Bxe4 Bxd4 18.Rac1 Bxf2+ 19.Qxf2 Rxe4 20.Rc4 Rxc4 21.bxc4 Bf5
22.Qd4 Re8 23.Be5 Qa3 24.Bf4 Bh3 25.Bh6 f6 26.Qxf6 Qxc5+ 27.Kh1 Qe7 28.Qxe7 Rxe7
29.Rd8+ Kf7 30.Rf8+ Ke6 31.Bf4 Rd7 32.Kg1 g5 33.Re8+ Kf7 34.Rh8 Kf6 35.Be3 Be6
36.c5 Rd3 37.Kf2 Ra3 38.Rxh7 Rxa2+ 39.Ke1 a4 40.Rxb7 Rxh2 41.Rb6 Bd5 42.Ra6 Ra2
43.Ra8 g4 44.Kd1 Bf3+ 45.Kc1 Ke6 46.Kb1 Re2 47.Bf4 Re4 48.Bd6 Kd5 49.Kb2 Bd1
50.Kc3 Bb3 51.Rg8 Rc4+ 52.Kb2 Bd1 53.Rd8 Rb4+ 54.Ka2 Bb3+ 55.Ka3 Re4 56.Bf8+ Kc4
57.Rb8 Re3 58.Rb4+ Kd5 59.Bd6 Bd1+ 60.Ka2 a3 61.Rf4 Be2 62.Rf5+ Kc4 63.Rf8 Kb4
64.Kb1 Bd3+ 65.Kc1 Kc3 66.Kd1 Bc2+  0-1

[Event "TCh-RUS w"]
[Site "Dagomys RUS"]
[Date "2008.04.10"]
[Round "8"]
[White "Kursova,M"]
[Black "Bodnaruk,A"]
[Result "1-0"]
[WhiteElo "2322"]
[BlackElo "2347"]

1.d4 Nf6 2.Nf3 g6 3.c4 Bg7 4.g3 O-O 5.Bg2 d6 6.Nc3 Nc6 7.O-O a6 8.d5 Na5
9.Nd2 c5 10.Rb1 Rb8 11.b3 b5 12.Bb2 Bf5 13.e4 Bd7 14.h3 e5 15.Ne2 Nh5 16.Bc3 f5
17.exf5 gxf5 18.f4 e4 19.Qc2 Rf7 20.Rfe1 Bf6 21.Nf1 Rg7 22.Kh2 Nb7 23.Ne3 Qe7
24.Rg1 Kh8 25.Bf1 Rbg8 26.Rg2 b4 27.Bb2 Nd8 28.h4 h6 29.Qc1 Kh7 30.Qe1 Rg6
31.Bxf6 Nxf6 32.Rg1 Nf7 33.Qd2 R6g7 34.Qc2 Qe8 35.a4 Rg6 36.g4 Nxg4+ 37.Nxg4 Rxg4
38.Rxg4 Rxg4 39.Bh3 Rxh4 40.Rg1 Qe7 41.Ng3 Qf6 42.Qg2 e3 43.Nh5 Qd8 44.Nf6+  1-0